00321pab a2200121 454500008004000000100002000040245004500060260000900105300001100114362000800125650002400133773004200157180718b1984 xxu||||| |||| 00| 0 eng d aKessel, John H. aThe structures of the Reagan White House c1984 a231-58 aMay aPresidents - U.S.A. aAmerican Journal of Political Science